000 00487nam a22001937a 4500
005 20260508110236.0
008 260508b |||||||| |||| 00| 0 eng d
020 _a9788198333360
040 _cFLL
041 _2eng
_aeng
084 _aD65,8(B):(Z).2 R5
100 _aVakul Sharma
245 _aInformation Technology
_bLaw and Practice
250 _a9th.
260 _aGurgaon
_bLexis Nexis
_c2025
300 _alxii,860p
_bPb
650 _aCyber law
_9702180
942 _2CC
_cTB
999 _c1851152
_d1851152